00712nam a2200205Ia 4500003000900000008004100009040001600050080002200066110003300088245009800121260005000219300000800269500001900277650002900296650001800325650002100343942000700364999001500371952012000386IN-BaIIA211028s9999 xx 000 0 eng d cIIA Library a083.7:669.71bISI aIndian Standards Institution 0aIndian standard temper designations of aluminium and its alloyscIndian Standards Institution aNew DelhibIndian Standards Institutionc1969 a5p. aIS 5052 : 1969 a Aluminium Alloys99110 a Standards  aNASA Thesaurus  cBK c5125d5125 00104070aBANbBANcGENd1976-12-22g5.00l0o083.7:669.71/ ISIp5725r2021-11-05v5.00w1976-12-22yBKGRs. 5.00